|
|
|
|
| LEADER |
00000naa2a2200000 4500 |
| 001 |
109063 |
| 005 |
20240207130330.0 |
| 035 |
|
|
|a (RuTPU)RU\TPU\book\117725
|
| 090 |
|
|
|a 109063
|
| 100 |
|
|
|a 20070130d2006 k y0rusy50 ca
|
| 101 |
0 |
|
|a rus
|
| 102 |
|
|
|a RU
|
| 200 |
1 |
|
|a Модернизация АСДУ распределительных подстанций ОАО "Горэлектросети"
|f Н. Н. Уваров, Е. И. Громаков
|
| 463 |
|
0 |
|0 (RuTPU)RU\TPU\book\108762
|t Молодежь и современные информационные технологии
|o сборник трудов IV Всероссийской научно-практической конференции студентов, аспирантов и молодых ученых, г. Томск, 28 февраля - 2 марта 2006 г.
|f Томский политехнический университет; Молодежь и современные информационные технологии
|v С. 279-281
|d 2006
|p 418 с.
|
| 610 |
1 |
|
|a распределительные подстанции
|
| 610 |
1 |
|
|a модернизация
|
| 610 |
1 |
|
|a Горэлектросети
|
| 610 |
1 |
|
|a системы управления
|
| 610 |
1 |
|
|a электромеханическое оборудование
|
| 610 |
1 |
|
|a диспетчерское управление
|
| 610 |
1 |
|
|a труды учёных ТПУ
|
| 700 |
|
1 |
|a Уваров
|b Н. Н.
|
| 701 |
|
1 |
|a Громаков
|b Е. И.
|c специалист в области автоматизированных систем управления
|c доцент Томского политехнического университета, кандидат технических наук
|f 1943-
|g Евгений Иванович
|3 (RuTPU)RU\TPU\pers\25727
|9 11629
|
| 801 |
|
1 |
|a RU
|b 63413507
|c 20070130
|g PSBO
|
| 801 |
|
2 |
|a RU
|b 63413507
|c 20131230
|g RCR
|
| 942 |
|
|
|c BK
|